000 00303nam a22001337a 4500
008 170530b xxu||||| |||| 00| 0 eng d
020 _a9780312454425
041 _aeng
080 _26 ED
_a94(7/8)
100 _a16
101 _aSHH
245 _aAMERICA S HISTORY
_cHENRETTA.J.A
942 _2udc
_cBK
999 _c15016
_d15016